Subdivision capitals closest to Smederevo (RS) - Statistics

General Stats
  • This quiz has been taken 9 times
  • The average score is 11 of 20
Answer Stats
Distance (km) Answer % Correct
3 41 Beograd
100%
14 114 Bor
67%
8 97 Čačak
67%
4 73 Kragujevac
67%
11 106 Kraljevo
67%
16 124 Kruševac
67%
12 108 Novi Sad
67%
2 32 Pančevo
67%
1 21 Požarevac
67%
15 124 Timișoara
67%
17 125 Užice
67%
7 93 Valjevo
67%
19 136 Drobeta-Turnu Severin
33%
5 81 Jagodina
33%
18 135 Kikinda
33%
10 105 Reșița
33%
9 98 Šabac
33%
13 110 Sremska Mitrovica
33%
20 137 Zaječar
33%
6 90 Zrenjanin
33%
No matching quizzes found
Score Distribution
Percent of People with Each Score
Percentile by Number Answered
Your Score History
You have not taken this quiz